Taiwan Politics Trivia - Statistics

General Stats
  • This quiz has been taken 13 times
  • The average score is 12 of 16
Answer Stats
Hint Answer % Correct
Last election year 2024
100%
Taiwan's official name Republic of China
100%
Capital city Taipei
100%
Main anti-China party Democratic Progressive Party
85%
Main pro-China party Kuomintang
85%
Current president Lai Ching-te
85%
First president Chiang Kai-shek
77%
Current main third party Taiwan People's Party
77%
First female president Tsai Ing-wen
77%
Name of legislative body Legislative {Yuan}
69%
Political coalition pro-unification Pan-{Blue} Coalition
69%
Political coalition pro-independence Pan-{Green} Coalition
69%
Political system Semi-{presidential} republic
62%
2014 movement against a trade agreement with China {Sunflower Student} Movement
62%
Slogan used by the 2014 movement Today {Hong Kong}, Tomorrow Taiwan
62%
Policy of strategic ambiguity on Taiwan's status {One China} policy
38%
No matching quizzes found
Score Distribution
Percent of People with Each Score
Percentile by Number Answered
Your Score History
You have not taken this quiz